|
|
|
|
| LEADER |
00000nab a2200000 a 4500 |
| 001 |
vtls000416674 |
| 003 |
SK-MaSNL |
| 005 |
20260303161005.0 |
| 008 |
230223c1991 xo 0 slo |
| 015 |
|
|
|a SNBRB19rr/mm-uuuuu
|
| 035 |
|
|
|a CL0416799
|
| 035 |
|
|
|a urn:nbn:sk:snk-ab1g6m
|
| 035 |
|
|
|a (urnnbn)urn:nbn:sk:snk:ar-003d3d
|
| 035 |
|
|
|a (uuid)fcc100b9-5159-45d0-b652-bc589201f5ab
|
| 040 |
|
|
|a SNKBUCL
|b slo
|c SNKBUCL
|e AACR2
|
| 041 |
0 |
|
|a slo
|
| 044 |
|
|
|a xo
|c SK
|
| 080 |
|
|
|a 726.54:282
|2 1981
|
| 080 |
|
|
|a 282
|2 1981
|
| 100 |
1 |
|
|a Bišťan, Martin,
|d 1955-
|4 aut
|9 133105
|
| 245 |
1 |
0 |
|a Rímskokatolícky farský kostol sv. Jozefa vo Svite
|b Objemová a zastavovacia štúdia v alternatívach
|c Martin Bišťan, Ivan Kolenič, Martin Kvasnica
|
| 300 |
|
|
|b Obr. 9.
|
| 650 |
0 |
7 |
|a kostoly rímskokatolícke
|2 snkbucl
|9 880431
|
| 651 |
|
7 |
|a Svit (Slovensko)
|2 snkbucl
|9 29648
|
| 655 |
|
7 |
|a články z novín a časopisov
|2 snkbucl
|9 267496
|
| 700 |
1 |
|
|a Kolenič, Ivan,
|d 1965-
|4 aut
|9 90000
|
| 700 |
1 |
|
|a Kvasnica, Martin,
|d 1958-
|4 aut
|9 104495
|
| 773 |
0 |
|
|t Projekt
|g Roč. 33, č. 1-2 (1991), s. 54-57
|
| 850 |
|
|
|a Slovenská národná knižnica v Martine
|a MTA001
|
| 852 |
|
|
|a SNK
|b KIS3GCP
|
| 954 |
|
|
|a odborná, vedecká literatúra pôvodná (slovenská)
|2 lita
|
| 957 |
|
|
|a 5406
|
| 958 |
|
|
|a RK
|
| 958 |
|
|
|a OND
|
| 958 |
|
|
|a EUIPO
|
| 958 |
|
|
|a article27
|
| 992 |
|
|
|a RBX
|
| 999 |
|
|
|c 2047898
|d 2049828
|